<?xml version="1.0" encoding="UTF-8"?>
<record
    xmlns:xsi="http://www.w3.org/2001/XMLSchema-instance"
    xsi:schemaLocation="http://www.loc.gov/MARC21/slim http://www.loc.gov/standards/marcxml/schema/MARC21slim.xsd"
    xmlns="http://www.loc.gov/MARC21/slim">

  <leader>00727nam a2200241Ia 4500</leader>
  <controlfield tag="003">OSt</controlfield>
  <controlfield tag="005">20220923215142.0</controlfield>
  <controlfield tag="006">a|||||r|||| 00| 0</controlfield>
  <controlfield tag="007">ta</controlfield>
  <controlfield tag="008">220922b        |||||||| |||| 00| 0 hin d</controlfield>
  <datafield tag="024" ind1=" " ind2=" ">
    <subfield code="a">176,012</subfield>
  </datafield>
  <datafield tag="037" ind1=" " ind2=" ">
    <subfield code="c">Textual</subfield>
  </datafield>
  <datafield tag="040" ind1=" " ind2=" ">
    <subfield code="a">ARTS</subfield>
    <subfield code="c">ARTS</subfield>
    <subfield code="b">hin</subfield>
  </datafield>
  <datafield tag="041" ind1=" " ind2=" ">
    <subfield code="2">hin</subfield>
    <subfield code="a">hin</subfield>
  </datafield>
  <datafield tag="082" ind1=" " ind2=" ">
    <subfield code="a">O152,1:gx, L0</subfield>
  </datafield>
  <datafield tag="100" ind1=" " ind2=" ">
    <subfield code="a">&#x938;&#x924;&#x94D;&#x92F;&#x93E;&#x930;&#x94D;&#x925;&#x940;&#x948;, &#x926;&#x947;&#x935;&#x947;&#x928;&#x94D;&#x926;&#x94D;&#x930;</subfield>
  </datafield>
  <datafield tag="245" ind1=" " ind2="0">
    <subfield code="a">&#x92A;&#x930;&#x93F;&#x91A;&#x92F; &#x915;&#x940; &#x935;&#x930;&#x94D;&#x937;&#x917;&#x93E;&#x902;&#x920;</subfield>
  </datafield>
  <datafield tag="246" ind1=" " ind2=" ">
    <subfield code="a">Parichaya k&#x12B; var&#x1E63;hag&#x101;an&#x1E6D;ha</subfield>
  </datafield>
  <datafield tag="260" ind1=" " ind2=" ">
    <subfield code="c">1970</subfield>
  </datafield>
  <datafield tag="300" ind1=" " ind2=" ">
    <subfield code="a">141 &#x92A;&#x943;. </subfield>
    <subfield code="c">cm.</subfield>
  </datafield>
  <datafield tag="942" ind1=" " ind2=" ">
    <subfield code="h">O152,1:gx, L0</subfield>
    <subfield code="c">TEXL</subfield>
    <subfield code="2">CC</subfield>
  </datafield>
  <datafield tag="999" ind1=" " ind2=" ">
    <subfield code="c">329688</subfield>
    <subfield code="d">329688</subfield>
  </datafield>
  <datafield tag="952" ind1=" " ind2=" ">
    <subfield code="0">0</subfield>
    <subfield code="1">0</subfield>
    <subfield code="4">0</subfield>
    <subfield code="7">0</subfield>
    <subfield code="a">ARTS</subfield>
    <subfield code="b">ARTS</subfield>
    <subfield code="d">2022-09-23</subfield>
    <subfield code="l">0</subfield>
    <subfield code="o">O152,1:gx L0</subfield>
    <subfield code="p">AL1070011</subfield>
    <subfield code="r">2022-09-23 00:00:00</subfield>
    <subfield code="w">2022-09-23</subfield>
    <subfield code="y">TEXL</subfield>
  </datafield>
</record>
